00634nam a2200193Ia 4500999001300000020001800013082002200031100002300053245005400076260003100130300001000161650003800171650003000209650002000239650003500259650002900294942000700323952011000330 c287d287 a0-470-41531-2 a303.3720973 HOU-; aHoult, Thomas Ford 0aSocial justice and its enemies: Thomas Ford Hoult aNew YorkbJohn Wileyc1975 a584p. aUnited States - Social conditions aSociology - United States aSocial equality aSocial justice - United States aEquality - United States cBK 00104070aNASSDOCbNASSDOCd2004-06-08l0o303.3720973 HOU-;p8203r2019-04-18 00:00:00w2019-04-18yBK